<?xml version="1.0" encoding="UTF-8"?>
<record
    xmlns:xsi="http://www.w3.org/2001/XMLSchema-instance"
    xsi:schemaLocation="http://www.loc.gov/MARC21/slim http://www.loc.gov/standards/marcxml/schema/MARC21slim.xsd"
    xmlns="http://www.loc.gov/MARC21/slim">

  <leader>00881nam a2200253Ia 4500</leader>
  <controlfield tag="005">20220317001540.0</controlfield>
  <controlfield tag="008">161108s2000    sp     g      000 p s    </controlfield>
  <datafield tag="020" ind1=" " ind2=" ">
    <subfield code="a">9788420643823</subfield>
  </datafield>
  <datafield tag="100" ind1="1" ind2=" ">
    <subfield code="a">Cernuda, Luis</subfield>
    <subfield code="d">1902-1963</subfield>
  </datafield>
  <datafield tag="245" ind1="1" ind2="3">
    <subfield code="a">La realidad y el deseo (1924-1962)</subfield>
    <subfield code="b">seguido de Historia de un libro (La realidad y el deseo)</subfield>
    <subfield code="c">Luis Cernuda</subfield>
  </datafield>
  <datafield tag="250" ind1=" " ind2=" ">
    <subfield code="a">Primera edici&#xF3;n, septima reimpresi&#xF3;n</subfield>
  </datafield>
  <datafield tag="300" ind1=" " ind2=" ">
    <subfield code="a">430 p&#xE1;ginas</subfield>
    <subfield code="c">22 cm</subfield>
  </datafield>
  <datafield tag="490" ind1=" " ind2=" ">
    <subfield code="a">Alianza literaria</subfield>
  </datafield>
  <datafield tag="500" ind1=" " ind2=" ">
    <subfield code="a">Incluye datos biogr&#xE1;ficos del autor en la solapa</subfield>
  </datafield>
  <datafield tag="650" ind1="1" ind2="4">
    <subfield code="2">LEMB</subfield>
    <subfield code="a">Poes&#xED;a espa&#xF1;ola</subfield>
    <subfield code="y">Siglo XX</subfield>
  </datafield>
  <datafield tag="650" ind1="1" ind2="4">
    <subfield code="2">LEMB</subfield>
    <subfield code="a">Literatura espa&#xF1;ola</subfield>
    <subfield code="y">Siglo XX</subfield>
  </datafield>
  <datafield tag="942" ind1=" " ind2=" ">
    <subfield code="2">loc</subfield>
    <subfield code="c">BKLIT</subfield>
  </datafield>
  <datafield tag="264" ind1=" " ind2=" ">
    <subfield code="a">Madrid</subfield>
    <subfield code="b">Alianza</subfield>
    <subfield code="c">2000</subfield>
  </datafield>
  <datafield tag="336" ind1=" " ind2=" ">
    <subfield code="a">texto</subfield>
    <subfield code="b">txt</subfield>
    <subfield code="2">rdacontent</subfield>
  </datafield>
  <datafield tag="337" ind1=" " ind2=" ">
    <subfield code="a">sin mediaci&#xF3;n</subfield>
    <subfield code="b">n</subfield>
    <subfield code="2">rdamedia</subfield>
  </datafield>
  <datafield tag="338" ind1=" " ind2=" ">
    <subfield code="a">volumen</subfield>
    <subfield code="b">nc</subfield>
    <subfield code="2">rdacarrier</subfield>
  </datafield>
  <datafield tag="040" ind1=" " ind2=" ">
    <subfield code="a">CO-BoRNBP</subfield>
    <subfield code="b">spa</subfield>
    <subfield code="e">rda</subfield>
    <subfield code="c">CO-BoRNBP</subfield>
  </datafield>
  <datafield tag="084" ind1=" " ind2=" ">
    <subfield code="a">P CER5</subfield>
  </datafield>
  <datafield tag="999" ind1=" " ind2=" ">
    <subfield code="c">7326</subfield>
    <subfield code="d">7326</subfield>
  </datafield>
  <datafield tag="952" ind1=" " ind2=" ">
    <subfield code="0">0</subfield>
    <subfield code="1">0</subfield>
    <subfield code="2">ddc</subfield>
    <subfield code="4">0</subfield>
    <subfield code="7">0</subfield>
    <subfield code="8">GEN</subfield>
    <subfield code="a">MECASARI</subfield>
    <subfield code="b">MECASARI</subfield>
    <subfield code="c">LIT</subfield>
    <subfield code="d">2024-11-17</subfield>
    <subfield code="l">0</subfield>
    <subfield code="o">CER5</subfield>
    <subfield code="p">BM0000826</subfield>
    <subfield code="r">2024-11-17 09:40:49</subfield>
    <subfield code="t">Ej.1</subfield>
    <subfield code="w">2024-11-17</subfield>
    <subfield code="y">BKLIT</subfield>
  </datafield>
</record>
